[Event "WYb14"]
[Site "Heraklio GRE"]
[Date "2002.11.15"]
[Round "1"]
[White "Bluvshtein,M"]
[Black "Cartas,O"]
[Result "1-0"]
[WhiteElo "2449"]
[BlackElo "2061"]
[EventDate "2002.11.15"]

1. e4 c6 2. d4 d5 3. Nd2 dxe4 4. Nxe4 Bf5 5. Ng3 Bg6 6. h4 h6 7. Nf3 Nd7 8.
h5 Bh7 9. Bd3 Bxd3 10. Qxd3 Ngf6 11. Bf4 e6 12. O-O-O Qa5 13. Kb1 O-O-O 14.
c4 Be7 15. Rhe1 Ng4 16. Qc2 Rhe8 17. d5 Bf6 18. dxc6 bxc6 19. Ne4 Be7 20.
Nd6+ Bxd6 21. Bxd6 Ndf6 22. c5 Nd5 23. Nd4 Kd7 24. Qe2 Ngf6 25. Rd3 Qa6 26.
Ra3 Qxa3 27. bxa3 Nc3+ 28. Kc1 Nxe2+ 29. Rxe2 Rc8 30. Nf3 Red8 31. Ne5+ Ke8
32. Re3 Nd7 33. Nc4 Nf6 34. Rb3 Ne4 35. f3 Nf6 36. Ne5 Nd7 37. Nc4 f6 38.
Rb7 Ra8 39. Na5 Rdc8 40. Kc2 a6 41. Kc3 Rab8 42. Bxb8 Rxb8 43. Rxb8+ Nxb8
44. Nb3 e5 45. Kb4 Kd7 46. Nd2 Ke6 47. Nc4 Kd5 48. Ne3+ Ke6 49. Ka5 f5 50.
Kb6 f4 51. Nd1 Kd5 52. Nc3+ Kd4 53. Ne4 Kd5 54. Kc7 1-0

[Event "WYb14"]
[Site "Heraklio GRE"]
[Date "2002.11.15"]
[Round "1"]
[White "Kononenko,D"]
[Black "Kralovic,A"]
[Result "1-0"]
[WhiteElo "2376"]
[BlackElo "2055"]
[EventDate "2002.11.15"]

1. e4 e5 2. Nf3 Nc6 3. Bb5 a6 4. Ba4 Nf6 5. O-O Be7 6. Re1 b5 7. Bb3 O-O 8.
c3 d5 9. exd5 Nxd5 10. Nxe5 Nxe5 11. Rxe5 c6 12. d4 Bd6 13. Re1 Qh4 14. g3
Qh3 15. Be3 Bg4 16. Qd3 Rae8 17. Nd2 f5 18. f4 Kh8 19. Bxd5 cxd5 20. a4 g5
21. Qf1 Qh5 22. axb5 axb5 23. Ra6 gxf4 24. Bxf4 Bxf4 25. Rxe8 Rxe8 26. Qxf4
Re1+ 27. Nf1 Bh3 28. Ra8+ Kg7 29. Ra7+ Kh8 30. Qb8+ Re8 31. Qb7 Qh6 32.
Qxb5 Rf8 33. Qxd5 f4 34. Qe5+ Kg8 35. gxf4 Qg6+ 36. Ng3 Qb1+ 37. Kf2 Qc2+
38. Ke3 Qc1+ 39. Kd3 Bf1+ 40. Nxf1 Qxf1+ 41. Kc2 Qg2+ 42. Kb3 1-0

[Event "WYb14"]
[Site "Heraklio GRE"]
[Date "2002.11.15"]
[Round "1"]
[White "Skjoldan,B"]
[Black "Boros,De"]
[Result "1/2-1/2"]
[WhiteElo "2035"]
[BlackElo "2343"]
[EventDate "2002.11.15"]

1. d4 Nf6 2. c4 g6 3. g3 Bg7 4. Bg2 d5 5. b3 O-O 6. Bb2 c5 7. dxc5 dxc4 8.
Qxd8 Rxd8 9. bxc4 Nfd7 10. Bxg7 Kxg7 11. Nf3 Nxc5 12. Nbd2 Nc6 13. Nb3 Na4
14. O-O Nc3 15. e3 Nb4 16. Nfd4 Nbxa2 17. f4 Be6 18. Nxe6+ fxe6 19. Nd4 Rd7
20. Nxe6+ Kf6 21. Nd4 Rc7 22. Rf2 Nb4 23. Rb2 Rxc4 24. Bf1 Rxd4 25. exd4
Ncd5 26. Bg2 a5 27. Bxd5 Nxd5 28. Rxb7 a4 29. Ra3 Kf5 30. Rb1 Ke4 31. Rba1
Nb6 32. Re1+ Kxd4 33. Rxe7 h5 34. Re6 Nc4 35. Ra1 a3 36. Rxg6 a2 37. Rh6
Nd2 38. Rxh5 Nb3 39. Rxa2 Rxa2 40. Re5 Kd3 41. Re1 Nd4 42. Rf1 Ke3 43. Re1+
Kd3 44. Rf1 Ke3 45. Re1+ Kf3 46. Rf1+ Kg4 47. Rf2 Nf3+ 48. Kg2 Ne1+ 49. Kf1
Ra1 50. Ke2 Nc2 51. Kd3 Nb4+ 52. Kc4 Nc6 53. f5 Rd1 54. Rf4+ Kg5 55. h4+
Kf6 56. g4 Ne5+ 57. Kc3 Rd3+ 58. Kc2 Rh3 59. g5+ Kg7 60. f6+ Kf7 61. Ra4
Ng6 62. Ra7+ Ke6 63. Rg7 Ne5 64. Rh7 Ng6 65. h5 Nf8 66. Rh8 Nd7 67. h6 Nxf6
68. gxf6 Kxf6 69. Ra8 1/2-1/2

[Event "WYb14"]
[Site "Heraklio GRE"]
[Date "2002.11.15"]
[Round "1"]
[White "Gonda,L"]
[Black "Monsieux,C"]
[Result "0-1"]
[WhiteElo "2333"]
[BlackElo "2022"]
[EventDate "2002.11.15"]

1. d4 Nf6 2. Nf3 c5 3. d5 d6 4. Nc3 g6 5. e4 Nbd7 6. Be2 Bg7 7. O-O O-O 8.
h3 h6 9. Bf4 Kh7 10. Re1 Qb6 11. Bf1 a6 12. Qd2 Qc7 13. a4 Rb8 14. Bh2 b6
15. b3 Ne8 16. Bc4 Qd8 17. e5 Nc7 18. Qe2 Bb7 19. Bd3 b5 20. axb5 axb5 21.
Nxb5 Nb6 22. Nxc7 Qxc7 23. e6 f5 24. c3 Rfc8 0-1

[Event "WYb14"]
[Site "Heraklio GRE"]
[Date "2002.11.15"]
[Round "1"]
[White "Rohit,G"]
[Black "Namra,H"]
[Result "0-1"]
[WhiteElo "2319"]
[BlackElo "1899"]
[EventDate "2002.11.15"]

1. e4 c5 2. Nf3 Nc6 3. d4 cxd4 4. Nxd4 Nf6 5. Nc3 e5 6. Ndb5 d6 7. Bg5 a6
8. Na3 b5 9. Bxf6 gxf6 10. Nd5 Bg7 11. c3 Ne7 12. Nc2 f5 13. exf5 Bxf5 14.
Nce3 Be6 15. g3 Rb8 16. Bg2 Bxd5 17. Bxd5 O-O 18. O-O Qd7 19. Kh1 Kh8 20.
f4 f5 21. Bg2 Qe6 22. Qb3 Qd7 23. Rad1 e4 24. Rd2 Rf6 25. Rfd1 Qc6 26. Qb4
Rd8 27. g4 fxg4 28. Bxe4 Qd7 29. Bg2 Rh6 30. Nf1 Nf5 31. Be4 Ne7 32. Ng3
Rf6 33. Bg2 Qc7 34. Nh5 Rh6 35. Nxg7 Kxg7 36. f5 Qc4 37. Qxc4 bxc4 38. Rd4
Nxf5 39. Rxg4+ Kh8 40. Re1 Rb8 41. Be4 Ng7 42. Re2 Re6 43. Reg2 Re7 44. Rh4
h5 45. h3 Rbe8 46. Bd5 Re1+ 47. Kh2 Rb1 48. Rxc4 Ree1 49. Rc8+ Kh7 50. Rc7
Rh1+ 51. Kg3 Kh6 52. Rf2 Rbg1+ 53. Bg2 Kg6 54. Kh4 0-1

[Event "WYb14"]
[Site "Heraklio GRE"]
[Date "2002.11.15"]
[Round "1"]
[White "Apaydin,F"]
[Black "Romanov,E"]
[Result "0-1"]
[WhiteElo "2064"]
[BlackElo "2318"]
[EventDate "2002.11.15"]

1. e4 e5 2. Nc3 Nf6 3. g3 Bc5 4. Bg2 Nc6 5. Nge2 a6 6. h3 d6 7. O-O O-O 8.
d3 Be6 9. Nd5 Bxd5 10. exd5 Ne7 11. c4 Nf5 12. Bd2 Qd7 13. b4 Ba7 14. Bc3
Rfe8 15. Qd2 Rad8 16. g4 Nh4 17. Bh1 h6 18. Kh2 Nh7 19. Rae1 f5 20. f3 Ng5
21. Ng3 f4 22. Ne4 c6 23. d4 cxd5 24. cxd5 Qb5 25. Qf2 Ng6 26. h4 Nxe4 27.
fxe4 Qd3 28. h5 Qxc3 29. hxg6 Bxd4 30. Qh4 Qb2+ 31. Bg2 Rc8 32. Rb1 Qxa2
33. Rbc1 Rxc1 34. Rxc1 f3 0-1

[Event "WYb14"]
[Site "Heraklio GRE"]
[Date "2002.11.16"]
[Round "2"]
[White "Dimovski,Ne"]
[Black "Bluvshtein,M"]
[Result "0-1"]
[WhiteElo "2186"]
[BlackElo "2449"]
[EventDate "2002.11.15"]

1. e4 c5 2. Nf3 d6 3. d4 cxd4 4. Nxd4 Nf6 5. Nc3 Nc6 6. Nb3 g6 7. h3 Bg7 8.
Be3 Be6 9. Bd3 d5 10. Nd4 Nxe4 11. Bxe4 dxe4 12. Nxe6 Bxc3+ 13. bxc3 Qxd1+
14. Rxd1 fxe6 15. O-O Rd8 16. Rxd8+ Kxd8 17. Re1 Rf8 18. Bh6 Rf5 19. Rxe4
Kd7 20. Kf1 Rb5 21. Bc1 Rb1 22. Re1 Ra1 23. a3 Na5 24. Be3 Rxe1+ 25. Kxe1
b6 26. Ke2 Kd6 27. Kd3 Kd5 28. Bg5 e5 29. Bxe7 e4+ 30. Ke3 Ke5 31. f4+ Kd5
32. g4 Nc4+ 33. Ke2 Ke6 34. Bf8 Kf7 35. Bh6 b5 36. Bg5 Ke6 37. Bd8 Nxa3 38.
Ke3 Kd5 39. f5 gxf5 40. gxf5 Ke5 41. f6 Nc4+ 42. Kf2 Ke6 43. Be7 a5 44. Kg3
a4 45. Kf4 e3 46. Kf3 a3 47. Bxa3 Nxa3 48. Kxe3 Nxc2+ 0-1

[Event "WYb14"]
[Site "Heraklio GRE"]
[Date "2002.11.16"]
[Round "2"]
[White "Sengupta,D"]
[Black "Wu,L"]
[Result "1-0"]
[WhiteElo "2285"]
[BlackElo "2167"]
[EventDate "2002.11.15"]

1. e4 c5 2. Nf3 d6 3. d4 cxd4 4. Nxd4 Nf6 5. Nc3 g6 6. Be3 Nc6 7. f3 Bg7 8.
Qd2 O-O 9. g4 Be6 10. Nxe6 fxe6 11. O-O-O Ne5 12. Be2 Rc8 13. Bh6 Bxh6 14.
Qxh6 Rxc3 15. bxc3 Qa5 16. Qe3 Rc8 17. Kb2 Nc4+ 18. Bxc4 Rxc4 19. Rd4 Qb6+
20. Ka1 e5 21. Qd3 Rxc3 22. Qxc3 exd4 23. Qc4+ Kg7 24. Rb1 Qc6 25. Qxd4 e5
26. Qd3 b6 27. Rd1 Ne8 28. h4 h6 29. g5 h5 30. Kb1 Qc5 31. Qd5 Qb4+ 32. Qb3
Qc5 33. Rd3 Nc7 34. a4 b5 35. Qc3 Ne6 36. Qxc5 Nxc5 37. Rxd6 Nxa4 38. Rd7+
Kf8 39. Rxa7 Nc3+ 40. Kb2 Ne2 41. Ra6 Kg7 42. c3 Nf4 43. Ra1 Kf7 44. Kb3
Nd3 45. Rd1 Nc5+ 46. Kb4 Na4 47. Rc1 1-0

[Event "WYb14"]
[Site "Heraklio GRE"]
[Date "2002.11.16"]
[Round "2"]
[White "Brkic,A"]
[Black "Matveev,M"]
[Result "1-0"]
[WhiteElo "2372"]
[BlackElo "2146"]
[EventDate "2002.11.15"]

1. e4 c5 2. Nf3 d6 3. d4 cxd4 4. Nxd4 Nf6 5. Nc3 g6 6. Be3 Bg7 7. f3 O-O 8.
Qd2 Nc6 9. Bc4 Bd7 10. O-O-O Qa5 11. Kb1 Rfc8 12. Bb3 Ne5 13. h4 b5 14.
Ncxb5 Qxd2 15. Rxd2 Rab8 16. a4 a6 17. Na3 Be8 18. Ka2 Nfd7 19. Ne2 Nc5 20.
Bxc5 dxc5 21. c3 c4 22. Bc2 Nd7 23. a5 Nc5 24. Nxc4 Nxe4 25. fxe4 Rxc4 26.
Rhd1 Rc5 27. b4 Rcc8 28. Kb3 f5 29. Nd4 Bf7+ 30. Kb2 fxe4 31. Bxe4 Rc4 32.
Bd3 Rxd4 33. cxd4 Bxd4+ 34. Kc2 Rc8+ 35. Kb1 Rb8 36. b5 axb5 37. Be4 e5 38.
Rxd4 exd4 39. a6 Bb3 40. a7 Re8 41. Rxd4 1-0

[Event "WYb14"]
[Site "Heraklio GRE"]
[Date "2002.11.16"]
[Round "2"]
[White "Romanov,E"]
[Black "Dignam,M"]
[Result "1/2-1/2"]
[WhiteElo "2318"]
[BlackElo "2115"]
[EventDate "2002.11.15"]

1. e4 e6 2. d4 d5 3. Nd2 c5 4. exd5 Qxd5 5. Ngf3 Nc6 6. Bc4 Qd8 7. Nb3 cxd4
8. O-O Nf6 9. Nbxd4 Nxd4 10. Qxd4 Qxd4 11. Nxd4 Bd7 12. Re1 Rc8 13. Bb3 Bc5
14. Be3 Ng4 15. Rad1 Nxe3 16. Rxe3 O-O 17. Red3 e5 18. Nf3 Bg4 19. Bd5 Rc7
20. Rc3 b6 21. h3 Bxf3 22. gxf3 Rd7 23. Rcd3 Bd4 24. Bb3 Rfd8 25. Ba4 Rd6
26. Kf1 Bc5 27. Bb5 Rxd3 28. Bxd3 g6 29. Ke2 Kg7 30. c3 Be7 31. a4 a5 32.
Rb1 Rc8 33. Bb5 f5 34. Rd1 Rd8 35. Rxd8 Bxd8 1/2-1/2

[Event "WYb14"]
[Site "Heraklio GRE"]
[Date "2002.11.16"]
[Round "2"]
[White "Pancevski,F"]
[Black "Noroozi,O"]
[Result "0-1"]
[WhiteElo "2262"]
[BlackElo "2075"]
[EventDate "2002.11.15"]

1. e4 c5 2. Nf3 d6 3. d4 cxd4 4. Nxd4 Nf6 5. Nc3 a6 6. Bc4 e6 7. Bb3 Be7 8.
Be3 O-O 9. Qe2 b5 10. O-O-O Qc7 11. g4 Bb7 12. f3 Nc6 13. g5 Nxd4 14. Bxd4
Nd7 15. Rhg1 b4 16. Na4 Bc6 17. f4 Qa5 18. f5 Bxa4 19. g6 hxg6 20. Rxg6
fxg6 21. Bxe6+ Rf7 22. b3 Bb5 23. Qg2 g5 24. e5 Re8 25. f6 gxf6 26. exf6
Bxf6 27. Bxf6 Nxf6 28. Rd5 Qd8 29. Qh3 Nxd5 0-1

[Event "WYb14"]
[Site "Heraklio GRE"]
[Date "2002.11.17"]
[Round "3"]
[White "Bluvshtein,M"]
[Black "Szabo,K"]
[Result "1-0"]
[WhiteElo "2449"]
[BlackElo "2223"]
[EventDate "2002.11.15"]

1. e4 c5 2. Nf3 Nc6 3. d4 cxd4 4. Nxd4 Qc7 5. Nc3 e6 6. Be3 Nf6 7. Qd2 Bb4
8. f3 d5 9. a3 Be7 10. exd5 Nxd5 11. Nxd5 exd5 12. Nb5 Qd8 13. Bf4 O-O 14.
Nc7 Rb8 15. Nxd5 Bd6 16. O-O-O Bxf4 17. Qxf4 Be6 18. Nc7 Qc8 19. Nxe6 Qxe6
20. Bc4 Qg6 21. g4 Rbd8 22. h4 h6 23. Rxd8 Nxd8 24. Bd3 Qe6 25. Qe4 g6 26.
h5 Qxe4 27. Bxe4 gxh5 28. Rxh5 Kg7 29. Ra5 a6 30. Re5 Kf6 31. Rd5 Re8 32.
Rd7 Ke6 33. Bf5+ Ke5 34. Kd2 h5 35. Rd3 Kf4 36. Bd7 Rh8 37. gxh5 Rxh5 38.
Bc8 Rh8 39. b4 Ke5 40. c4 Kf4 41. Kc3 Re8 42. Kd2 f6 43. c5 Rh8 44. a4 Re8
45. b5 axb5 46. axb5 Rh8 47. Kc3 f5 48. Kb4 Ke5 49. Ka5 f4 50. Kb6 Re8 51.
Bxb7 1-0

[Event "WYb14"]
[Site "Heraklio GRE"]
[Date "2002.11.17"]
[Round "3"]
[White "Jojua,D"]
[Black "Brkic,A"]
[Result "1/2-1/2"]
[WhiteElo "2208"]
[BlackElo "2372"]
[EventDate "2002.11.15"]

1. e4 c5 2. Nf3 d6 3. d4 cxd4 4. Nxd4 Nf6 5. Nc3 g6 6. g3 Bg7 7. Bg2 O-O 8.
O-O Nc6 9. Nde2 a6 10. h3 Rb8 11. a4 b5 12. axb5 axb5 13. Nd5 Nd7 14. c3 e6
15. Ne3 Qc7 16. Nd4 Nc5 17. Nxc6 Qxc6 18. e5 d5 19. Ng4 Qc7 20. Bg5 Nd7 21.
Be7 Nxe5 22. Nxe5 Bxe5 23. Bxf8 Kxf8 24. Qd2 Qb6 25. Kh2 Bf6 26. Rfe1 Kg7
27. h4 h5 28. Kg1 b4 29. Rac1 bxc3 30. bxc3 Ba6 31. Bf1 Bxf1 32. Rxf1 Rc8
33. Rc2 Rc4 34. Rfc1 Be5 35. Kf1 Qc6 36. Qd3 Qc5 37. Kg2 Bf6 38. Kf1 Qb5
39. Qe2 Qb7 40. Qd3 Qb3 41. Qd2 Qb6 42. Qd3 Qc6 43. Kg1 Be7 44. Rf1 Bf6 45.
Rfc1 Be5 46. Rf1 Qa6 47. Qe2 Bf6 1/2-1/2

[Event "WYb14"]
[Site "Heraklio GRE"]
[Date "2002.11.17"]
[Round "3"]
[White "Margolin,E"]
[Black "Bykhovsky,An ISR"]
[Result "0-1"]
[WhiteElo "2206"]
[BlackElo "2306"]
[EventDate "2002.11.15"]

1. Nf3 Nf6 2. c4 e6 3. g3 d5 4. Bg2 dxc4 5. Qc2 c5 6. Ne5 Nd5 7. O-O Be7 8.
Nc3 O-O 9. Nxc4 Nc6 10. d3 b6 11. a4 Bb7 12. a5 Nd4 13. Qd1 b5 14. Ne3 a6
15. Nexd5 exd5 16. e3 Ne6 17. Ne2 Qd7 18. f4 f5 19. b3 Bf6 20. Ra2 Rad8 21.
g4 fxg4 22. Ng3 c4 23. d4 Bh4 24. Qxg4 Bxg3 25. Qxg3 Nc7 26. Ba3 Rf6 27.
Kh1 Ne8 28. Bh3 Qf7 29. Rg2 Bc8 30. bxc4 bxc4 31. Bxc8 Rxc8 32. Bc5 Rg6 33.
Qh3 Rb8 34. Rg5 Rb2 35. Re5 Rh6 36. Qg3 c3 37. Re7 Rhxh2+ 38. Qxh2 Rxh2+
39. Kxh2 Qh5+ 40. Kg2 c2 41. Rxe8+ Qxe8 42. Kf2 Qb5 43. Rc1 Qb2 0-1

[Event "WYb14"]
[Site "Heraklio GRE"]
[Date "2002.11.17"]
[Round "3"]
[White "Sengupta,D"]
[Black "Malinovsky,K"]
[Result "0-1"]
[WhiteElo "2285"]
[BlackElo "2179"]
[EventDate "2002.11.15"]

1. e4 e5 2. Nf3 Nc6 3. Bb5 f5 4. d4 fxe4 5. Nxe5 Nxe5 6. dxe5 c6 7. Be2
Qa5+ 8. Bd2 Qxe5 9. Bh5+ Kd8 10. Bc3 Qg5 11. O-O d5 12. f4 Bc5+ 13. Kh1 Qe7
14. Be5 Nf6 15. c4 Nxh5 16. Qxh5 d4 17. Nd2 Be6 18. Nxe4 Kc8 19. Rac1 b6
20. Rfe1 Kb7 21. Nxc5+ bxc5 22. Qf3 Rae8 23. b4 cxb4 24. Bxd4 Rhf8 25. Qf2
Qc7 26. Re5 Rf5 27. Qe1 Rxf4 28. Bc5 Rf1+ 29. Qxf1 Qxe5 30. Bxb4 Rd8 31.
Rb1 Ka8 32. Qf3 Bd7 33. Re1 Qf6 34. Qd3 Rb8 35. Bc5 Bf5 36. Qa3 Qf7 37. Rf1
Rb1 38. Rxb1 Bxb1 39. Qa6 Qd7 40. Bg1 Be4 41. Qa3 h5 42. Qf8+ Kb7 43. Qc5
Ka8 44. Qxh5 g6 45. Qe2 Bd3 46. Qf2 Bf5 47. Qe3 Kb8 48. h3 Ka8 49. Bf2 Qd1+
50. Kh2 Qd6+ 51. Bg3 Qe6 52. Qc5 Qd7 53. a4 Be4 54. a5 Qc8 55. Bf2 Qc7+ 56.
Bg3 Qc8 57. Qe5 Bd3 58. Qd4 Bf5 59. Bf4 Qd7 60. Qb2 Qb7 61. Qh8+ Qc8 62.
Qe5 Bd3 63. Qd4 Bf5 64. Kg1 Qd7 65. Qb2 Qb7 66. Qd2 Qd7 67. Qb4 Qd4+ 68.
Kh1 Qxf4 69. Qf8+ Qb8 70. Qe7 Qb7 71. Qe8+ Qc8 72. Qe7 Qd7 73. Qb4 Be4 74.
Kh2 Qc7+ 75. Kg1 Qd8 76. Kh2 Qb8+ 77. Qxb8+ Kxb8 78. g4 Kb7 79. Kg3 Ka6 80.
Kf4 Bd3 0-1

[Event "WYb14"]
[Site "Heraklio GRE"]
[Date "2002.11.17"]
[Round "3"]
[White "Bercys,S"]
[Black "Leon Hoyos,M"]
[Result "1-0"]
[WhiteElo "2167"]
[BlackElo "2261"]
[EventDate "2002.11.15"]

1. d4 Nf6 2. c4 c5 3. d5 b5 4. cxb5 a6 5. bxa6 g6 6. Nc3 Bxa6 7. Nf3 Bg7 8.
e4 Bxf1 9. Kxf1 d6 10. g3 O-O 11. Kg2 Nbd7 12. h3 Qa5 13. Re1 Rfb8 14. Qe2
Ne8 15. Qc2 Nc7 16. Bd2 Qa6 17. Rec1 Nb6 18. b3 Nb5 19. Nxb5 Bxa1 20. a4
Bg7 21. Nc7 Qb7 22. Nxa8 Nxa8 23. Rb1 Nc7 24. b4 e6 25. dxe6 fxe6 26. Rc1
Na6 27. b5 Nc7 28. Bf4 e5 29. Be3 h6 30. Qc4+ Kh7 31. Rd1 Ne8 32. Kg1 Qd7
33. Kh2 Qb7 34. Ng1 Bf8 35. Ne2 Nf6 36. Nc3 Ra8 37. f3 Qa7 38. Qe6 Qa5 39.
Bd2 Bg7 40. Rb1 Qb6 41. Qc4 Qa5 42. b6 Nd7 43. Qb5 Nb8 44. Qxa5 Rxa5 45.
Rb5 Ra6 46. a5 Ra8 47. Nd5 Nc6 48. b7 Rb8 49. a6 Kg8 50. Ne7+ Nxe7 51. a7
1-0

[Event "WYb14"]
[Site "Heraklio GRE"]
[Date "2002.11.17"]
[Round "3"]
[White "Noroozi,O"]
[Black "Lenic,L"]
[Result "0-1"]
[WhiteElo "2075"]
[BlackElo "2257"]
[EventDate "2002.11.15"]

1. c4 c5 2. Nc3 Nc6 3. g3 g6 4. Bg2 Bg7 5. e3 e5 6. Nge2 Nge7 7. O-O O-O 8.
d3 d6 9. Rb1 Be6 10. Nd5 Rb8 11. b3 a6 12. Bb2 b5 13. Nec3 Qd7 14. Nxe7+
Nxe7 15. Nd5 Nxd5 16. cxd5 Bh3 17. Rc1 Bxg2 18. Kxg2 f5 19. f4 Rbe8 20.
fxe5 Bxe5 21. Bxe5 Rxe5 22. Qf3 Qf7 23. d4 Rxd5 24. Rfd1 Re8 25. Rd3 Re4
26. Rdc3 b4 27. R3c2 Qe6 28. dxc5 Rxe3 29. Qf4 Re2+ 30. Kf1 Rxc2 31. Rxc2
dxc5 32. Re2 Qd6 33. Qe3 Kg7 34. Qg5 Re5 35. Rxe5 Qxe5 36. Qd8 Qa1+ 37. Kg2
Qxa2+ 38. Kh3 Qxb3 39. Qe7+ Qf7 40. Qe5+ Qf6 41. Qc7+ Kg8 42. Qxc5 b3 43.
Qc8+ Kg7 44. Qb7+ Qf7 45. Qb4 a5 46. Qxa5 b2 47. Qb4 Qf6 48. Kg2 g5 49. h4
Qc6+ 50. Kf1 Qf3+ 0-1

[Event "WYb14"]
[Site "Heraklio GRE"]
[Date "2002.11.17"]
[Round "3"]
[White "Bosiocic,Mari"]
[Black "Pokazanjev,N"]
[Result "0-1"]
[WhiteElo "2135"]
[BlackElo "2331"]
[EventDate "2002.11.15"]

1. e4 e5 2. Nf3 Nc6 3. d4 exd4 4. Nxd4 Nf6 5. Nxc6 bxc6 6. Bd3 d5 7. exd5
cxd5 8. Bb5+ Bd7 9. Bxd7+ Qxd7 10. O-O Be7 11. c4 d4 12. Nd2 O-O 13. Nf3
Rfd8 14. Ne5 Qd6 15. Bf4 Qb6 16. Nd3 Nd7 17. Re1 Bf6 18. b4 a5 19. a3 Qc6
20. c5 Re8 21. Rxe8+ Rxe8 22. Rb1 axb4 23. axb4 Bd8 24. b5 Qd5 25. Qb3 Qxb3
26. Rxb3 Nxc5 0-1

[Event "WYb14"]
[Site "Heraklio GRE"]
[Date "2002.11.17"]
[Round "4"]
[White "Ramirez,Al"]
[Black "Thiruchelvam,M"]
[Result "1-0"]
[WhiteElo "2421"]
[BlackElo "2249"]
[EventDate "2002.11.15"]

1. e4 c6 2. d4 d5 3. exd5 cxd5 4. c4 Nf6 5. Nc3 e6 6. Nf3 Be7 7. c5 b6 8.
b4 a5 9. Na4 Nfd7 10. Bb5 O-O 11. Bf4 bxc5 12. bxc5 Ba6 13. Bxa6 Rxa6 14.
O-O Nc6 15. Rb1 Qc8 16. Re1 Bd8 17. Qd3 Ra8 18. Bd6 Be7 19. Bg3 Bd8 20.
Rec1 Nb4 21. Qb3 Ra7 22. a3 Nc6 23. Nb6 Qa6 24. Qa4 Ndb8 25. Bxb8 Nxb8 26.
Nxd5 Qc6 27. Nc3 Qxa4 28. Nxa4 Nc6 29. Rd1 Rd7 30. Ne5 Nxe5 31. dxe5 Rxd1+
32. Rxd1 Bc7 33. f4 g5 34. Rd7 Bb8 35. g3 gxf4 36. gxf4 Kg7 37. Rb7 Rc8 38.
Nb6 Rxc5 39. Rxb8 Rb5 40. Nd7 Rd5 41. Nf6 Rd3 42. Rg8+ Kh6 43. Rg5 1-0

[Event "WYb14"]
[Site "Heraklio GRE"]
[Date "2002.11.17"]
[Round "4"]
[White "Brkic,A"]
[Black "Brodowski,P"]
[Result "1/2-1/2"]
[WhiteElo "2372"]
[BlackElo "2232"]
[EventDate "2002.11.15"]

1. e4 e6 2. d4 d5 3. Nc3 Nf6 4. Bg5 dxe4 5. Nxe4 Be7 6. Bxf6 Bxf6 7. Nf3
Nd7 8. Bd3 O-O 9. Nxf6+ Nxf6 10. Qd2 b6 11. O-O-O Bb7 12. Qf4 Qc8 13. Rhe1
Rd8 14. Re5 c5 15. dxc5 bxc5 1/2-1/2

[Event "WYb14"]
[Site "Heraklio GRE"]
[Date "2002.11.17"]
[Round "4"]
[White "Fier,A"]
[Black "Boros,De"]
[Result "1-0"]
[WhiteElo "2205"]
[BlackElo "2343"]
[EventDate "2002.11.15"]

1. e4 c5 2. Nf3 d6 3. d4 cxd4 4. Nxd4 Nf6 5. Nc3 Nc6 6. Bg5 Bd7 7. Qd2 Rc8
8. O-O-O Nxd4 9. Qxd4 Qa5 10. Bxf6 gxf6 11. Kb1 Qc5 12. Qd2 e6 13. f4 b5
14. f5 b4 15. fxe6 fxe6 16. Ne2 Bh6 17. Qd3 a5 18. Ng3 Bf4 19. e5 Bxe5 20.
Ne4 Qc7 21. Be2 d5 22. Bh5+ Ke7 23. Nf2 Bb5 24. Qb3 Qc4 25. Nd3 Bd6 26. Bf3
a4 27. Qxc4 dxc4 28. Nf2 h5 29. h3 Bg3 30. Ne4 Be5 31. Rhe1 a3 32. b3 cxb3
33. cxb3 Rhd8 34. Rxd8 Rxd8 35. Be2 Bxe2 36. Rxe2 Rd1+ 37. Kc2 Ra1 38. Kd3
Bb2 39. Nc5 e5 40. Kc4 Rxa2 41. Nd3 Ra1 42. Nxb4 Ke6 43. Kb5 Rb1 44. Ka4
Bc1 45. Rc2 Bb2 46. Re2 f5 47. Na2 Ra1 48. Nb4 Rd1 49. Na2 Kd5 50. b4 Kc4
51. b5 Kd3 52. Rf2 f4 53. b6 Ke3 54. Rf3+ Ke4 55. Nb4 Kf5 56. b7 Rd8 57.
Nc6 a2 58. Rf1 Re8 59. Ne7+ Rxe7 60. b8=Q a1=Q 61. Rxa1 Bxa1 62. Qf8+ Ke6
63. Qh6+ Kd7 64. Qxh5 Kd6 65. Qg6+ Re6 66. Qe4 Bd4 67. Kb4 Ke7 68. Qh7+ Kf6
69. Kc4 Bf2 70. Kd5 Re7 71. Qh6+ Kf5 72. Qf8+ 1-0

[Event "WYb14"]
[Site "Heraklio GRE"]
[Date "2002.11.17"]
[Round "4"]
[White "Pokazanjev,N"]
[Black "Rodshtein,M"]
[Result "1/2-1/2"]
[WhiteElo "2331"]
[BlackElo "2221"]
[EventDate "2002.11.15"]

1. e4 e6 2. d4 d5 3. e5 c5 4. c3 Bd7 5. Nf3 Nc6 6. Be2 Nge7 7. Na3 cxd4 8.
cxd4 Nf5 9. Nc2 Qb6 10. O-O Rc8 11. Rb1 Nb4 12. Nxb4 Qxb4 13. g4 Ne7 14.
Be3 h5 15. h3 Bb5 16. a3 Bxe2 17. Qxe2 Qc4 18. Qd1 Qc2 19. Qxc2 Rxc2 20.
Rfc1 Rxc1+ 21. Rxc1 Nc6 22. b4 a6 23. Nd2 Be7 24. Kg2 Kd7 25. Nb3 b5 26.
Ra1 Kc7 27. Bd2 Kb6 28. Rc1 f6 29. f4 hxg4 30. hxg4 f5 31. gxf5 exf5 32.
Na5 Rh6 1/2-1/2

[Event "WYb14"]
[Site "Heraklio GRE"]
[Date "2002.11.17"]
[Round "4"]
[White "Nikhilesh,K"]
[Black "Iotov,V"]
[Result "1-0"]
[WhiteElo "2182"]
[BlackElo "2256"]
[EventDate "2002.11.15"]

1. e4 c5 2. Nf3 e6 3. b3 a6 4. Bb2 d6 5. d4 cxd4 6. Nxd4 Nf6 7. Bd3 Be7 8.
O-O O-O 9. c4 b6 10. Qe2 Qc7 11. Nc3 Bb7 12. Rac1 Nbd7 13. Kh1 Rfe8 14. f4
Bf8 15. Nf3 g6 16. Bb1 Bh6 17. Ng5 e5 18. Nh3 Qd8 19. Rcd1 Qe7 20. f5 Rad8
21. g4 Bg7 22. g5 Nh5 23. f6 Qe6 24. Qf3 Bf8 25. Nd5 Rc8 26. Qg2 b5 27. Bd3
Nc5 28. Be2 Nf4 29. Nhxf4 exf4 30. Rxf4 Qd7 31. cxb5 axb5 32. Nb6 Qc6 33.
Nxc8 Rxc8 34. Bf3 Ne6 35. Rh4 Qa6 36. Bg4 Nf4 37. Qf3 Rc2 38. Qxf4 Rxb2 39.
Bf3 Qxa2 40. Rh3 Qxb3 41. Qh4 h6 42. gxh6 Kh7 43. Qg3 Rc2 44. Re1 Qc3 45.
Bg2 Qxf6 46. Rf1 Qe6 47. Qf4 Rc7 48. Rhf3 b4 49. Qe3 Kg8 50. Qb3 Qxb3 51.
Rxb3 Rc4 52. h7+ Kxh7 53. Rxf7+ Kg8 54. Rxb7 Rc1+ 55. Bf1 Rxf1+ 56. Kg2 Re1
57. R3xb4 Rc1 58. Rd7 Rc8 59. Rbb7 Re8 60. Kf3 Re6 61. Rd8 Rf6+ 62. Kg4 Rf7
63. Rdd7 Rf2 64. h4 Rg2+ 65. Kf3 Rg1 66. Rb8 Rf1+ 67. Kg3 Rf6 68. Kg4 Rf7
69. Rxd6 Kg7 70. Re6 Bc5 71. Rc8 Be3 72. Rcc6 Rf4+ 73. Kg3 Kh7 74. Rc7+ Kh6
75. Ree7 g5 76. Rc6+ 1-0

[Event "WYb14"]
[Site "Heraklio GRE"]
[Date "2002.11.17"]
[Round "4"]
[White "Chau,O"]
[Black "Mamedov,Rau"]
[Result "1/2-1/2"]
[WhiteElo "2137"]
[BlackElo "2366"]
[EventDate "2002.11.15"]

1. e4 c5 2. Nf3 d6 3. d4 Nf6 4. Nc3 cxd4 5. Nxd4 g6 6. Be3 Bg7 7. f3 Nc6 8.
Qd2 O-O 9. Bc4 Bd7 10. O-O-O Rc8 11. Bb3 Nxd4 12. Bxd4 b5 13. Nd5 Nxd5 14.
Bxg7 Kxg7 15. exd5 a5 16. a3 b4 17. axb4 axb4 18. Qxb4 Rb8 19. Qd4+ Kg8 20.
Kd2 Bf5 21. Ke2 Qc7 22. Rd2 Qa5 23. Kf2 Rb4 24. Qe3 h5 25. Re1 h4 26. h3
Rc8 27. Ree2 Rc7 28. Rd4 Rcb7 29. Rxb4 Qxb4 30. Qd2 1/2-1/2

[Event "WYb14"]
[Site "Heraklio GRE"]
[Date "2002.11.17"]
[Round "4"]
[White "Cominato Neto,J"]
[Black "Rohit,G"]
[Result "0-1"]
[WhiteElo "2128"]
[BlackElo "2319"]
[EventDate "2002.11.15"]

1. e4 c5 2. Nc3 Nc6 3. f4 g6 4. Nf3 Bg7 5. Bb5 Nd4 6. Nxd4 cxd4 7. Ne2 Qb6
8. Bd3 Nf6 9. b3 d6 10. Bb2 Nd7 11. a4 a5 12. Ng3 O-O 13. O-O Nc5 14. Qf3
Bd7 15. Kh1 Bc6 16. f5 Rad8 17. Bc4 Kh8 18. d3 Nxa4 19. Bc1 Nc3 20. h4 d5
21. exd5 Nxd5 22. Bxd5 Bxd5 23. Qe2 Bf6 24. h5 Rg8 25. fxg6 fxg6 26. h6
Rgf8 27. Bd2 Qc7 28. Ne4 Bxe4 29. Qxe4 b6 30. Rae1 Rc8 31. Rc1 Qe5 32. Qf3
Kg8 33. Qg4 Qh5+ 34. Qxh5 gxh5 35. Rf5 Kf7 36. Rxh5 Rc6 37. g4 Rfc8 38. g5
Bh8 39. Rf1+ Kg6 40. Rh4 Rxc2 41. Rf2 Rb2 42. Re4 e5 43. Re1 Rxb3 0-1

[Event "WYb14"]
[Site "Heraklio GRE"]
[Date "2002.11.17"]
[Round "4"]
[White "Garcia,Jh"]
[Black "Meng,F"]
[Result "1/2-1/2"]
[WhiteElo "2126"]
[BlackElo "2313"]
[EventDate "2002.11.15"]

1. e4 e5 2. Nf3 Nc6 3. Nc3 Nf6 4. d4 exd4 5. Nd5 Be7 6. Nxd4 d6 7. Nb5 Nxd5
8. exd5 Ne5 9. Be2 c6 10. Nc3 O-O 11. Be3 Re8 12. O-O Qc7 13. f4 Nd7 14.
Bf3 Bf6 15. Bd4 Bxd4+ 16. Qxd4 c5 17. Qd3 Nf6 18. Rae1 Bd7 19. Ne4 Nxe4 20.
Bxe4 c4 21. Qd4 f5 22. Bf3 Qa5 23. c3 Qxa2 24. Bh5 g6 25. Bxg6 hxg6 26. Qf6
Qa6 27. Qxg6+ Kh8 28. Qh6+ Kg8 29. Qg6+ Kh8 30. h3 Qb5 31. Qh6+ Kg8 32.
Rxe8+ Rxe8 33. Rf3 Qc5+ 34. Kh2 Re3 1/2-1/2

[Event "WYb14"]
[Site "Heraklio GRE"]
[Date "2002.11.18"]
[Round "5"]
[White "Bercys,S"]
[Black "Ramirez,Al"]
[Result "0-1"]
[WhiteElo "2167"]
[BlackElo "2421"]
[EventDate "2002.11.15"]

1. d4 Nf6 2. c4 c5 3. d5 b5 4. cxb5 a6 5. bxa6 Bxa6 6. Nc3 g6 7. e4 Bxf1 8.
Kxf1 d6 9. Nf3 Bg7 10. g3 O-O 11. Kg2 Nbd7 12. Re1 Ng4 13. h3 Nge5 14. Nxe5
Nxe5 15. f4 Nd7 16. Qc2 Qa5 17. Bd2 Rfb8 18. b3 Qa6 19. Reb1 c4 20. b4 Qa3
21. e5 Rxb4 22. Rxb4 Qxb4 23. Rb1 Qa5 24. Rb7 Rd8 25. exd6 Bxc3 26. Qe4
exd6 27. Bxc3 Qxc3 28. Rxd7 Qd2+ 29. Kf3 Rxd7 30. Qe8+ Kg7 31. Qxd7 Qxd5+
32. Kf2 c3 0-1